000 00324nam a22001217a 4500
008 160521b xxu||||| |||| 00| 0 eng d
020 _a9780805366266
020 _a0805366261
041 _aeng
080 _a579
245 _aBiology concepts connection;
_cNeil A. Campbell; Jane B. Reece; Lartha R. Taylor;
942 _2udc
_cBK
999 _c2350
_d2350